Normal view
MARC view
- الجنس - الاعشاب - العلوم الطبية
Entry Topical Term
001 - CONTROL NUMBER
- control field: 6944
003 - CONTROL NUMBER IDENTIFIER
- control field: JO-AjAnu
005 - DATE AND TIME OF LATEST TRANSACTION
- control field: 20230606071426.0
008 - FIXED-LENGTH DATA ELEMENTS
- fixed length control field: 230606|| aca||aabn | a|a d
040 ## - CATALOGING SOURCE
- Original cataloging agency: JO-AjAnu
- Transcribing agency: JO-AjAnu
150 ## - HEADING--TOPICAL TERM
- Topical term or geographic name entry element: الجنس - الاعشاب - العلوم الطبية
670 ## - SOURCE DATA FOUND
- Source citation: Work cat.: (JO-AjAnu)3596: الحسيني، أيمن, author 6943, الأعشاب والجنس: صحتك الجنسية في الأعشاب والنباتات والغذاء